000 01295nam a22003737a 4500
003 CHAP
005 20220329134416.0
008 971013s1994 r 00010 d
010 _a20091
011 _a21063
035 _a25152
040 _cCHAP
090 _aTesis
100 0 0 _aFlores Moreno, Noé.
_941657
245 _aEstimación de parámetros genéticos de cruzamientos en cerdos Landrace-York para carecteres predestete
260 _aChapingo, Méx. :
_b:
_bEl autor,
_c1994
300 _a43 h.
502 _aTesis (Ing. Agr. Esp. en Zootecnia) -- UACH. Departamento de Zootecnia
590 _aALEPH
_b10
_c20130110
_lUCH01
_h1243
590 _aBATCH-UPD
_b10
_c20130110
_lUCH01
_h0001
590 _aBATCH-UPD
_b10
_c20130110
_lUCH01
_h1311
590 _aBATCH-UPD
_b10
_c20130409
_lUCH01
_h1936
590 _aBATCH-UPD
_b10
_c20130410
_lUCH01
_h0825
590 _aBATCH-UPD
_b10
_c20130914
_lUCH01
_h1419
590 _aCONVERSION
_b10
_c20130109
_lUCH01
_h1312
650 1 4 _aGanado porcino
_xGenética.
_945370
650 1 4 _aGanado porcino
_xPeso.
_945396
650 1 4 _aGanado porcino
_xRazas.
_945402
650 1 4 _aLechones
_xDestete.
_965445
901 _aBK
942 _cFOLL
949 _bBC
_cTES
_d-58016
_eTS1
_h27059
_i25152
_si
949 _bBC
_cTES
_d-58017
_eTS2
_fc.2
_h27060
_i25152
_si
999 _c20091
_d20091